000
003050000a22001450004500
003
MACL
040
_a
MACL
090
_c
46139
_d
46137
100
_a
Agarwal, Prafull K
245
_a
AIEEE Mathematics
260
_b
Arihant prakashan
_c
2011
350
_a
610
650
_a
Mathematics
942
_c
BOOK
_k
510
999
_c
45661
_d
45661